000 00734nam a2200289Ia 4500
001 15939
003 IT-RoPAU
008 130308s9999 xx 000 0 und d
040 _aIT-RoPAU
040 _cIT-RoPAU
041 _aITALIANO
100 _aBossi Elda
100 _gCodice Aut. SPICS: 10124
245 _aCambiale (La)
245 _bTeatro Televisivo (Eri)
250 _a1a ed.
260 _aTORINO
260 _bERI - Edizioni Rai
260 _c1971 [1° Ed.:1971 - Ed.Ling.Originale:1965]
300 _a"25 p. (prefazione: no ; testo: 25 [pagine: 7-31])"
650 _aAUTORI/OPERE DELLA TELEVISIONE
650 _eCodice materia Spics: 6957
942 _cBK
957 _71
999 _c57405
_d57405
999 _bSI
999 _g1